000 00256nam a2200109Ia 4500
008 201224s9999 xx 000 0 und d
100 _aPeters, Tom
245 2 _aA passion for excellence
260 _aNew Delhi
_bHarper Collins
300 _a437
942 _cBK
999 _c8992
_d8992